| 000 | 00548nam a22001457a 4500 | ||
|---|---|---|---|
| 020 | _a0-241-11108-0 | ||
| 082 |
_a823 _bROB/P |
||
| 100 | _aROBINSON, DEREK | ||
| 245 | _aPIECE OF CAKE | ||
| 260 |
_aLONDON _bHAMISH HAMILTON _c1983 |
||
| 300 | _a569 | ||
| 520 | _aiece of Cake is a 1983 novel by Derek Robinson which follows a fictional Royal Air Force fighter squadron through the first year of World War II, and the Battle of Britain. It was later made into the 1988 television serial Piece of Cake. | ||
| 650 |
_aNOVEL _zGREAT BRITAIN |
||
| 942 | _cBK | ||
| 999 |
_c2425 _d2425 |
||